000 03969nab a2200265 i 4500
003 BR-BrBNA
005 20250429134835.0
008 250429b bl.||||| |||| 00| 0 por |
040 _aBR-BrBNA
_bpor
072 _aF70
100 _aBorges, Rodrigo L.
100 _aJardim, Jomar G.
100 _aRoque, Nádia
245 _aRubiaceae na Serra Geral de Licínio de Almeida, Bahia, Brasil
500 _aPublicação on-line; Bibliography p. 620-621 (62 ref.); 11 illus.; Summaries (En, Pt)
520 _a Resumo Entre as áreas que são reconhecidas pela carência de inventários florísticos no estado da Bahia, destaca-se a região sudoeste, mais precisamente as áreas que compreendem o Espinhaço Setentrional. O objetivo deste estudo foi realizar o levantamento florístico e taxonômico de Rubiaceae da Serra Geral de Licínio de Almeida (SGLA), Bahia. Foram realizadas dez expedições de campo para coleta entre julho de 2012 e maio de 2015, abrangendo todas as fitofisionomias existentes na área. Os materiais coletados foram processados e depositados nos herbários ALCB e HUEFS. Materiais de referência foram também analisados em visita aos herbários ALCB, CEPEC, HRB, HUEFS, RB, SPF. Foram reconhecidas 43 espécies, distribuídas em 28 gêneros, sendo Declieuxia (5 spp.), Borreria (3 spp.), Cordiera (3 spp.) e Psychotria (3 spp.) os gêneros mais diversos e, seguindo os estudos florísticos prévios na Cadeia do Espinhaço, houve um grande número de gêneros (19) com apenas uma única espécie. Psyllocarpus asparagoides, Psyllocarpus laricoides, Stachyarrhena reflexa são endêmicas da Bahia e Minas Gerais; Declieuxia passerina e Galianthe peruviana são novas ocorrências para a Bahia, e duas espécies (Randia sp. e Staelia sp.) são possivelmente inéditas para a ciência. São apresentados chaves de identificação genérica e específica, descrições, comentários taxonômicos para as espécies, além de fotos e ilustrações. Palavras-chave: diversidade florística, Espinhaço Setentrional, taxonomia. Abstract One of the areas in Bahia that is known by the lack of floristic inventories is the southwest region, more precisely the area that comprises the septentrional part of the Espinhaço Range. The aim of this study was to carry out a floristic and taxonomic survey of Rubiaceae of the Serra Geral of Licínio de Almeida (SGLA), Bahia. Ten field trips were conducted between July 2012 and May 2015, covering all existing vegetation types in the area. The collected material was processed and deposited at HUEFS and ALCB herbaria. Reference materials were also analyzed in visits to CEPEC, HRB, HUEFS, RB and SPF. A number of 43 species distributed in 28 genera were recognized, with Declieuxia (5 spp.), Borreria (3 spp.), Cordiera (3 spp.) and Psychotria (3 spp.) as the most diverse genera. Following previous floristic studies in the Espinhaço Range, there is alarge number of genera (19) represented by a single species. Psyllocarpus asparagoides, Psyllocarpus laricoides and Stachyarrhena reflexa are endemic to Minas Gerais and Bahia; Declieuxia passerina and Galianthe peruviana are new records for Bahia, and two species are considered new for science (Randia sp. and Staelia sp.). Keys to genera and species identification, descriptions, taxonomic and biologic comments for all species are presented, as well as images and illustrations. Key words: floristic, Espinhaço Septentrional, taxonomy.
650 _aBIODIVERSIDADE
650 _aCOMPOSIÇÃO BOTÂNICA
650 _aRUBIACEAE
650 _aTAXONOMIA
773 0 _0709
_9349998
_dRio de Janeiro-RJ Jardim Botanico do Rio de Janeiro 1935
_o2025-2520
_tRodriguésia (Brazil)
_x0370-6583; 2175-7860 on-line
_gv.68(2) p. 581-621; (2017)
_wBR2025000796
856 _uhttps://www.scielo.br/j/rod/a/swmrcRbqmBtdLHVvssDxDKG/?format=pdf&lang=pt
942 _cANA
999 _c331264
_d331264